[Event "FRA-ch Blitz Online Qual"]
[White "Stajkovski, Stephan"]
[Black "Vine, Guillaume"]
[Site "Europe Echecs INT"]
[Round "9"]
[Result "0-1"]
[Date "2020.05.16"]
[WhiteElo "1428"]
[BlackElo "1824"]
[PlyCount "142"]
[EventDate "2020.05.16"]
[EventType "swiss (blitz)"]
[EventRounds "15"]
[EventCountry "FRA"]
[SourceTitle "CBM 196 Extra"]
[Source "ChessBase"]
[SourceDate "2020.07.31"]
[SourceVersion "1"]
[SourceVersionDate "2020.07.31"]
[SourceQuality "1"]

1. d4 Nf6 2. Bg5 h6 3. Bxf6 exf6 4. e3 d5 5. g3 Bd6 6. Bg2 0-0 7. c4 c6 8. Nc3 dxc4 9. a4 Qb6 10. Qc2 Na6 11. Nf3 Nb4 12. Qe2 Nd3+ 13. Kf1 Qxb2 14. Qxb2 Nxb2 15. Nd2 Bb4 16. Rc1 Nd3 17. Rc2 Be6 18. Ke2 a6 19. Nce4 Bf5 20. Rxc4 Bxd2 21. Nxd2 a5 22. e4 Be6 23. d5 cxd5 24. exd5 Ne5 25. Rc7 Bf5 26. Rxb7 Rab8 27. Rxb8 Rxb8 28. f4 Bg4+ 29. Ke3 Nd7 30. Rb1 Re8+ 31. Kd4 Re2 32. Bf3 Rxd2+ 33. Ke3 Bf5 34. Rb7 Rd3+ 35. Kf2 Nc5 36. Rb8+ Kh7 37. g4 Bd7 38. Ra8 Nxa4 39. Be4+ f5 40. Bxd3 Nc5 41. Bxf5+ Bxf5 42. gxf5 Nb3 43. Ke3 g6 44. f6 g5 45. Rf8 Kg6 46. fxg5 hxg5 47. d6 Kxf6 48. Ra8 Ke6 49. Ra6 Nc5 50. Rxa5 Kxd6 51. Kf3 Ne6 52. Ra6+ Ke7 53. Kg4 Kf6 54. h3 Kg7 55. Kf5 Kh6 56. Ra7 Ng7+ 57. Kf6 Nh5+ 58. Kxf7 Nf4 59. Ra6+ Kh5 60. Ra3 Kh4 61. Kf6 Nxh3 62. Ra4+ g4 63. Kf5 Nf2 64. Rf4 Kg3 65. Kg5 Nh3+ 66. Kf5 Nxf4 67. Kg5 Kf3 68. Kh4 g3 69. Kg5 g2 70. Kf6 g1Q 71. Ke5 Qe3+ 0-1